|
|
|
|
| LEADER |
01343nam a2200253 a 4500 |
| 001 |
GR-Patra29315 |
| 008 |
080718s gr gzb 000 0 gre d |
| 040 |
|
|
|a GrPaTEI
|b gre
|c GR-PaULI
|
| 040 |
|
|
|a GrPaTEI
|b gre
|c GR-PaULI
|
| 100 |
1 |
|
|a Χριστοπούλου, Ελένη
|
| 245 |
1 |
2 |
|a Ο καρκίνος του μαστού και οι επιπτώσεις του στην ψυχοσωματική οντότητα της γυναίκας /
|c Σπουδάστρια: Χριστοπούλου Ελένη ; Εισηγητής: Δετοράκης Ιωάννης.
|
| 260 |
|
|
|a Πάτρα :
|b ΤΕΙ Πάτρας,
|c [χ.χ]
|
| 300 |
|
|
|a 201 σ. :
|b πιν.
|
| 504 |
|
|
|a Περιλαμβάνει βιβλιογραφία: σ.195.
|
| 650 |
|
4 |
|a Μαστός
|x Καρκίνος
|x Ασθενείς
|x Ψυχολογία
|
| 650 |
|
4 |
|a Πτυχιακή εργασία
|
| 700 |
1 |
|
|a Δετοράκης, Ιωάννης
|
| 710 |
0 |
|
|a Σ.Ε..Υ.Π..
|b Τμήμα Νοσηλευτικής
|
| 710 |
0 |
|
|a ΤΕΙ Πάτρας
|
| 856 |
4 |
0 |
|u https://nereus.library.upatras.gr/formerpat/ptyxiakes/seyp/seyp_nos/x.x/6632pe.pdf
|
| 942 |
|
|
|2 ddc
|
| 952 |
|
|
|0 0
|1 0
|2 ddc
|4 0
|7 1
|9 311497
|a LISK
|b LISK
|c BSC
|d 2021-01-17
|e 24
|f 0
|g 0.00
|l 0
|p 9241006632
|r 2021-01-17 00:00:00
|t 1
|w 2021-01-17
|y BKN
|x 20090525 0 0
|x GrPaTEI
|
| 971 |
|
|
|a .b26768872
|b 16-04-20
|c 26-09-16
|
| 999 |
|
|
|c 178872
|d 178872
|